[Event "Chigorin Memorial 20th"]
[Site "St Petersburg"]
[Date "2012.11.03"]
[Round "8"]
[White "Kosov, Igor"]
[Black "Grinblat, Artemiy"]
[Result "0-1"]
[WhiteElo "1817"]
[BlackElo "2043"]
[PlyCount "116"]
[EventDate "2012.10.27"]
[EventType "swiss"]
[EventRounds "9"]
[EventCountry "RUS"]
[SourceTitle "EXT 2013"]
[Source "ChessBase"]
[SourceDate "2012.11.22"]
[SourceVersion "1"]
[SourceVersionDate "2012.11.22"]
[SourceQuality "1"]

1. d4 d5 2. c4 e6 3. Nf3 Nf6 4. cxd5 exd5 5. Nc3 c6 6. g3 Be7 7. Bg2 0-0 8. Qc2 Na6 9. a3 Nc7 10. 0-0 Ne6 11. b4 a6 12. Bg5 Nxg5 13. Nxg5 g6 14. Nf3 Bf5 15. Qb2 Ne8 16. a4 b5 17. axb5 axb5 18. Ne5 Rxa1 19. Rxa1 Qb6 20. e4 dxe4 21. Nxe4 f6 22. Qa2+ Kh8 23. Qa7 Qxa7 24. Rxa7 fxe5 25. Rxe7 exd4 26. Ng5 Nd6 27. Rxh7+ Kg8 28. Bxc6 Rc8 29. Bd5+ Kf8 30. Ne6+ Bxe6 31. Bxe6 Rc1+ 32. Kg2 d3 33. Rd7 d2 34. Rxd6 d1Q 35. Rxd1 Rxd1 36. f4 Rb1 37. h4 Rxb4 38. f5 Ke7 39. Kf3 Rd4 40. g4 b4 41. Bg8 gxf5 42. gxf5 b3 43. Ke3 b2 44. Kxd4 b1Q 45. Be6 Qe1 46. h5 Qd1+ 47. Ke5 Qe2+ 48. Kf4 Qxh5 49. Ke5 Qh8+ 50. Ke4 Kf6 51. Kd4 Qd8+ 52. Ke4 Qd6 53. Kf3 Qd4 54. Ke2 Qc3 55. Kf2 Qd3 56. Kg2 Qe3 57. Kh2 Qf3 58. Kg1 Qe2 0-1

[Event "Chigorin Memorial 20th"]
[Site "St Petersburg"]
[Date "2012.11.02"]
[Round "7"]
[White "Pogosian, Vladimir"]
[Black "Kosov, Igor"]
[Result "1-0"]
[WhiteElo "2143"]
[BlackElo "1817"]
[PlyCount "163"]
[EventDate "2012.10.27"]
[EventType "swiss"]
[EventRounds "9"]
[EventCountry "RUS"]
[SourceTitle "EXT 2013"]
[Source "ChessBase"]
[SourceDate "2012.11.22"]
[SourceVersion "1"]
[SourceVersionDate "2012.11.22"]
[SourceQuality "1"]

1. c4 c6 2. g3 d5 3. Bg2 e5 4. cxd5 cxd5 5. Nf3 Nc6 6. 0-0 Nf6 7. d4 e4 8. Ne5 Bd6 9. Qa4 Qc7 10. Nc3 0-0 11. Nb5 Qe7 12. Nxd6 Qxd6 13. b3 Qe6 14. Ba3 Rd8 15. Nxc6 bxc6 16. e3 Bd7 17. Qa5 Rdc8 18. Rac1 h5 19. h4 g5 20. hxg5 Nh7 21. Qc5 Nxg5 22. Qd6 Qg4 23. Qf4 Ne6 24. Qf6 Qg6 25. Qxg6+ fxg6 26. Rc3 g5 27. Rfc1 g4 28. Bf1 Rcb8 29. Bd6 Rb6 30. Kg2 a5 31. Be2 Kf7 32. Rh1 Kg6 33. a3 Rb7 34. Rhc1 Be8 35. Bd1 Bd7 36. b4 a4 37. Be5 Kf5 38. Bc2 Ng5 39. Bb1 Ra6 40. Rc5 Ne6 41. R5c3 Ng5 42. Bc2 Ke6 43. Rc5 Nf7 44. Bf4 Nd6 45. Bd1 Nb5 46. Be2 Rab6 47. Ra1 Be8 48. Bg5 Rb8 49. Kf1 Kf5 50. Bf4 R8b7 51. Ke1 Ke6 52. Kd2 Kf5 53. Kc2 Ke6 54. Kb2 Kf5 55. Rac1 Bd7 56. Bxb5 Rxb5 57. Rxc6 Bxc6 58. Rxc6 R5b6 59. Rc8 Rh7 60. Ra8 Rc6 61. Rxa4 Rh8 62. Ra5 Ke6 63. Rc5 Rhc8 64. a4 Rxc5 65. dxc5 Kd7 66. Bd6 Rc6 67. Kc3 Ra6 68. a5 Kc6 69. Kd4 Ra7 70. b5+ Kxb5 71. Kxd5 Rxa5 72. Kxe4 Ra2 73. f4 Ra4+ 74. Kf5 Ra3 75. c6 Ra5 76. c7 Kc6+ 77. Be5 Rxe5+ 78. fxe5 Kxc7 79. Kg5 Kd7 80. Kxh5 Ke6 81. Kxg4 Kxe5 82. Kf3 1-0

[Event "St Petersburg Botvinnik Memorial op"]
[Site "St Petersburg"]
[Date "2012.08.29"]
[Round "5"]
[White "Kosov, Igor"]
[Black "Lagashin, Pavel"]
[Result "1/2-1/2"]
[WhiteElo "1807"]
[BlackElo "2175"]
[PlyCount "146"]
[EventDate "2012.08.25"]
[EventType "swiss"]
[EventRounds "9"]
[EventCountry "RUS"]
[SourceTitle "CBM 150 Extra"]
[Source "ChessBase"]
[SourceDate "2012.10.19"]
[SourceVersion "1"]
[SourceVersionDate "2012.10.19"]
[SourceQuality "1"]

1. d4 Nf6 2. c4 c5 3. d5 e6 4. Nc3 exd5 5. cxd5 d6 6. Bg5 Be7 7. e4 Nxe4 8. Nxe4 Bxg5 9. Bb5+ Kf8 10. Nxg5 Qxg5 11. Nf3 Qxg2 12. Rg1 Qh3 13. Rg3 Qf5 14. Qd2 Bd7 15. Bd3 Qxd5 16. 0-0-0 Nc6 17. Qf4 Nd4 18. Rg5 Qxf3 19. Qxd6+ Ke8 20. Re5+ Be6 21. Rxc5 Nc6 22. Bb5 Rc8 23. Re5 Qg4 24. Kb1 g6 25. f3 Qh3 26. Rd3 a6 27. f4 Qf1+ 28. Rd1 Qxb5 29. Rxe6+ fxe6 30. Qd7+ Kf8 31. Qxc8+ Kg7 32. Rd7+ Kh6 33. Qxh8 Qf1+ 34. Kc2 Qe2+ 35. Kc3 Qe3+ 36. Rd3 Qc1+ 37. Kb3 Na5+ 38. Ka3 Qc5+ 39. b4 Qc1+ 40. Ka4 Qc2+ 41. Kxa5 Qxd3 42. Qf8+ Kh5 43. Qc5+ Kg4 44. Qg5+ Kf3 45. Qg3+ Ke4 46. Qxd3+ Kxd3 47. Kb6 g5 48. fxg5 e5 49. h4 e4 50. h5 e3 51. g6 hxg6 52. hxg6 e2 53. g7 e1Q 54. g8Q Qxb4+ 55. Ka7 Kc2 56. Qg7 a5 57. Qg2+ Kb1 58. a4 Qxa4 59. Qxb7+ Qb4 60. Qh1+ Kc2 61. Qg2+ Kd3 62. Qf3+ Kd4 63. Qf6+ Kd5 64. Qf3+ Kc5 65. Qf8+ Kc6 66. Qc8+ Kd6 67. Qd8+ Ke6 68. Qg8+ Kd7 69. Qd5+ Ke8 70. Qg8+ Qf8 71. Qg4 Qd6 72. Qh5+ Kd7 73. Qxa5 Qc7+ 1/2-1/2

[Event "St Petersburg Botvinnik Memorial op"]
[Site "St Petersburg"]
[Date "2012.08.28"]
[Round "4"]
[White "Klimshin, Ilia"]
[Black "Kosov, Igor"]
[Result "0-1"]
[WhiteElo "1678"]
[BlackElo "1807"]
[PlyCount "68"]
[EventDate "2012.08.25"]
[EventType "swiss"]
[EventRounds "9"]
[EventCountry "RUS"]
[SourceTitle "CBM 150 Extra"]
[Source "ChessBase"]
[SourceDate "2012.10.19"]
[SourceVersion "1"]
[SourceVersionDate "2012.10.19"]
[SourceQuality "1"]

1. e4 e5 2. Nf3 Nc6 3. d4 exd4 4. Nxd4 Nf6 5. Nxc6 bxc6 6. Bd3 Bc5 7. 0-0 d5 8. Re1 0-0 9. Nc3 Ng4 10. Kf1 Bxf2 11. h3 Bxe1 12. Qxe1 Qf6+ 13. Kg1 Qd4+ 14. Kf1 dxe4 15. Nxe4 f5 16. Nf2 Ne5 17. c3 Qd5 18. Bc2 Ba6+ 19. Kg1 c5 20. Bf4 Rae8 21. Qd1 Qf7 22. Ba4 Re7 23. Qc2 Qg6 24. Kh2 Bb7 25. Nh1 Rd8 26. Ng3 Nd3 27. Bb3+ Kh8 28. Rd1 Be4 29. Bc4 Red7 30. Bxd3 Bxd3 31. Qf2 c4 32. Qxa7 Qb6 33. Qa3 Qf2 34. Rd2 Qxf4 0-1

[Event "St Petersburg Botvinnik Memorial op"]
[Site "St Petersburg"]
[Date "2012.08.26"]
[Round "2"]
[White "Eryshkanova, Anastasiya"]
[Black "Kosov, Igor"]
[Result "1-0"]
[WhiteElo "2142"]
[BlackElo "1807"]
[PlyCount "71"]
[EventDate "2012.08.25"]
[EventType "swiss"]
[EventRounds "9"]
[EventCountry "RUS"]
[SourceTitle "CBM 150 Extra"]
[Source "ChessBase"]
[SourceDate "2012.10.19"]
[SourceVersion "1"]
[SourceVersionDate "2012.10.19"]
[SourceQuality "1"]

1. e4 e5 2. Nf3 Nc6 3. d4 exd4 4. Nxd4 Nf6 5. Nc3 Bb4 6. Nxc6 bxc6 7. Bd3 0-0 8. 0-0 h6 9. e5 Bxc3 10. bxc3 Nd5 11. c4 Ne7 12. c5 Ng6 13. Qh5 Qe8 14. Re1 d5 15. cxd6 cxd6 16. Ba3 dxe5 17. Bxf8 Nxf8 18. Rxe5 Be6 19. Rae1 Qd7 20. Ra5 Rb8 21. Qc5 Bd5 22. Rxa7 Qg4 23. Bf1 Ne6 24. Qc3 Nf4 25. Qg3 Qf5 26. c4 Be6 27. Qc3 Qg4 28. h3 Qg5 29. Qg3 Qf5 30. Rxe6 Qxe6 31. Qxf4 Rb1 32. g3 g5 33. Ra8+ Kh7 34. Qf3 Qxc4 35. Qf5+ Kg7 36. Qxb1 1-0

[Event "St Petersburg Botvinnik Memorial op"]
[Site "St Petersburg"]
[Date "2012.08.25"]
[Round "1"]
[White "Kosov, Igor"]
[Black "Sichinava, Zviad"]
[Result "0-1"]
[WhiteElo "1807"]
[BlackElo "2322"]
[PlyCount "78"]
[EventDate "2012.08.25"]
[EventType "swiss"]
[EventRounds "9"]
[EventCountry "RUS"]
[SourceTitle "CBM 150 Extra"]
[Source "ChessBase"]
[SourceDate "2012.10.19"]
[SourceVersion "1"]
[SourceVersionDate "2012.10.19"]
[SourceQuality "1"]

1. d4 Nf6 2. c4 c5 3. d5 b5 4. cxb5 a6 5. bxa6 Bxa6 6. Nc3 d6 7. Nf3 g6 8. e4 Bxf1 9. Kxf1 Nbd7 10. g3 Bg7 11. Kg2 0-0 12. Re1 Ra6 13. Qe2 Qa8 14. Bf4 Rb8 15. a3 Rab6 16. Ra2 Qb7 17. Na4 Rb5 18. Qc2 h6 19. Bc1 Ng4 20. h3 Ngf6 21. Nd2 Nxd5 22. Nc4 N5b6 23. Naxb6 Nxb6 24. Nxb6 Rxb6 25. Re2 Qc6 26. Kg1 e6 27. Qc4 d5 28. exd5 exd5 29. Qf4 d4 30. Re7 Qd5 31. Ra1 d3 32. Be3 Rxb2 33. Rc1 Rb1 34. Kh2 R8b2 35. Rc7 Rxc1 36. Bxc1 d2 37. Bxd2 Rxd2 38. Rxc5 Qxc5 39. Qxd2 Qxa3 0-1

[Event "St Petersburg Chigorin CC-ch"]
[Site "St Petersburg"]
[Date "2009.05.24"]
[Round "5"]
[White "Yusupova, Lilia"]
[Black "Kosov, Igor"]
[Result "1-0"]
[WhiteElo "1713"]
[BlackElo "1752"]
[PlyCount "41"]
[EventDate "2009.05.19"]
[EventType "swiss"]
[EventRounds "9"]
[EventCountry "RUS"]
[SourceTitle "CBM 130 Extra"]
[Source "ChessBase"]
[SourceDate "2009.07.02"]
[SourceVersion "2"]
[SourceVersionDate "2009.07.15"]
[SourceQuality "1"]

1. c4 e5 2. Nc3 Nc6 3. g3 Nf6 4. Bg2 g6 5. e4 Bg7 6. Nge2 0-0 7. 0-0 d6 8. h3 Nh5 9. g4 Nf4 10. Nxf4 exf4 11. d3 f5 12. exf5 gxf5 13. gxf5 Bxf5 14. Nd5 Qh4 15. Bxf4 Bxh3 16. Bg3 Qh6 17. Nxc7 Rad8 18. Re1 Rf6 19. Re8+ Rxe8 20. Nxe8 Bxg2 21. Nxf6+ 1-0

[Event "St Petersburg Chigorin CC-ch"]
[Site "St Petersburg"]
[Date "2009.05.21"]
[Round "3"]
[White "Emdin, Mark"]
[Black "Kosov, Igor"]
[Result "1/2-1/2"]
[WhiteElo "1939"]
[BlackElo "1752"]
[PlyCount "62"]
[EventDate "2009.05.19"]
[EventType "swiss"]
[EventRounds "9"]
[EventCountry "RUS"]
[SourceTitle "CBM 130 Extra"]
[Source "ChessBase"]
[SourceDate "2009.07.02"]
[SourceVersion "2"]
[SourceVersionDate "2009.07.15"]
[SourceQuality "1"]

1. e4 c5 2. Nc3 d6 3. g3 Nf6 4. Bg2 Nc6 5. d3 g6 6. f4 Bg7 7. Nf3 0-0 8. 0-0 Qb6 9. Kh1 Nd4 10. h3 Bd7 11. f5 Bc6 12. g4 e6 13. Nxd4 cxd4 14. Ne2 exf5 15. gxf5 Rfe8 16. c3 d5 17. Bg5 dxe4 18. fxg6 exd3 19. gxf7+ Kxf7 20. Nxd4 Bxg2+ 21. Kxg2 Qxb2+ 22. Rf2 Qxc3 23. Qh5+ Kg8 24. Bxf6 Bxf6 25. Qd5+ Kh8 26. Rxf6 Rg8+ 27. Kf3 d2+ 28. Ke4 Rae8+ 29. Re6 Rxe6+ 30. Qxe6 Qxa1 31. Qf6+ Rg7 1/2-1/2

[Event "St Petersburg Chigorin CC-ch"]
[Site "St Petersburg"]
[Date "2009.05.20"]
[Round "2"]
[White "Kosov, Igor"]
[Black "Glazov, Anatoly"]
[Result "0-1"]
[WhiteElo "1752"]
[BlackElo "1978"]
[PlyCount "58"]
[EventDate "2009.05.19"]
[EventType "swiss"]
[EventRounds "9"]
[EventCountry "RUS"]
[SourceTitle "CBM 130 Extra"]
[Source "ChessBase"]
[SourceDate "2009.07.02"]
[SourceVersion "2"]
[SourceVersionDate "2009.07.15"]
[SourceQuality "1"]

1. d4 Nf6 2. c4 e6 3. Nc3 d5 4. Bg5 Bb4 5. e3 c6 6. Bxf6 Qxf6 7. Nf3 0-0 8. a3 Ba5 9. b4 Bc7 10. Bd3 Nd7 11. 0-0 b6 12. Qc2 g6 13. h3 Bb7 14. cxd5 cxd5 15. Nxd5 Bxd5 16. Qxc7 Bxf3 17. gxf3 Qg5+ 18. Qg3 Qh6 19. Rac1 Rac8 20. Rc7 Nf6 21. Rfc1 Rcd8 22. Rxa7 Rd5 23. Kh2 Rg5 24. Qd6 Qh4 25. Rf1 Nd5 26. Be4 Nxe3 27. fxe3 e5 28. Qxe5 Rxe5 29. dxe5 Rd8 0-1

[Event "Moscow op-B"]
[Site "Moscow"]
[Date "2009.02.01"]
[Round "2"]
[White "Kosov, Igor"]
[Black "Yusubov, Timur"]
[Result "0-1"]
[WhiteElo "1743"]
[BlackElo "2023"]
[PlyCount "50"]
[EventDate "2009.01.31"]
[EventType "swiss"]
[EventRounds "9"]
[EventCountry "RUS"]
[SourceTitle "EXT 2012"]
[Source "ChessBase"]
[SourceDate "2011.11.24"]
[SourceVersion "1"]
[SourceVersionDate "2011.11.24"]
[SourceQuality "1"]

1. d4 d5 2. c4 Bf5 3. Nc3 e6 4. Nf3 Nf6 5. Bg5 Be7 6. e3 Nc6 7. Nh4 Be4 8. f3 Bg6 9. Nxg6 hxg6 10. cxd5 Nxd5 11. Bxe7 Qxe7 12. e4 Ne3 13. Qe2 Nxd4 14. Qd3 Ndc2+ 15. Kf2 Nxa1 16. Kxe3 Qc5+ 17. Ke2 Rd8 18. Qb1 Qd4 19. Qc1 Qd3+ 20. Kf2 Qd2+ 21. Be2 Nc2 22. h3 Qxc1 23. Rxc1 Nd4 24. e5 Nxe2 25. Kxe2 Rh5 0-1

[Event "St Petersburg Nov op"]
[Site "St Petersburg"]
[Date "2008.11.05"]
[Round "5"]
[White "Tokareva, Tatiana"]
[Black "Kosov, Igor"]
[Result "1-0"]
[WhiteElo "1953"]
[BlackElo "1746"]
[PlyCount "67"]
[EventDate "2008.11.01"]
[EventType "swiss"]
[EventRounds "9"]
[EventCountry "RUS"]
[SourceTitle "EXT 2010"]
[Source "ChessBase"]
[SourceDate "2010.11.25"]
[SourceVersion "1"]
[SourceVersionDate "2010.11.25"]
[SourceQuality "1"]

1. d4 Nf6 2. c4 g6 3. Nc3 Bg7 4. e4 d6 5. f3 0-0 6. Be3 Nc6 7. Bd3 e5 8. d5 Nd4 9. Nge2 Nxe2 10. Qxe2 a6 11. g4 c6 12. a3 b5 13. dxc6 bxc4 14. Bxc4 Qc7 15. 0-0 Be6 16. Nd5 Nxd5 17. exd5 Bc8 18. Rab1 f5 19. b4 Qe7 20. Bd3 h5 21. gxh5 f4 22. Bd2 Bh3 23. Bxg6 e4 24. Bxe4 Qa7+ 25. Kh1 Rae8 26. Rg1 Qd4 27. Rbe1 Rxe4 28. Qxe4 Qxd2 29. Rxg7+ Kxg7 30. Qg6+ Kh8 31. Qh6+ Kg8 32. Qg6+ Kh8 33. Rg1 Bg2+ 34. Qxg2 1-0

[Event "St Petersburg Chigorin CC-ch"]
[Site "St Petersburg"]
[Date "2008.05.20"]
[Round "6"]
[White "Kharlamov, Igor1111"]
[Black "Kosov, Igor"]
[Result "1/2-1/2"]
[WhiteElo "2009"]
[BlackElo "1724"]
[PlyCount "121"]
[EventDate "2008.05.13"]
[EventType "swiss"]
[EventRounds "9"]
[EventCountry "RUS"]
[SourceTitle "CBM 124 Extra"]
[Source "ChessBase"]
[SourceDate "2008.07.03"]
[SourceVersion "1"]
[SourceVersionDate "2008.07.03"]
[SourceQuality "1"]

1. d4 Nf6 2. Nf3 g6 3. b3 Bg7 4. Bb2 0-0 5. g3 d6 6. Bg2 Nbd7 7. 0-0 c6 8. c4 b6 9. Nbd2 Bb7 10. e4 c5 11. d5 Rb8 12. Re1 a6 13. e5 Ne8 14. Qc2 b5 15. exd6 exd6 16. Bxg7 Nxg7 17. Ne4 Nf6 18. Qc3 Nxe4 19. Rxe4 Re8 20. Rae1 Rxe4 21. Rxe4 Qd7 22. Qf6 Re8 23. Ng5 Rxe4 24. Nxe4 Ne8 25. Qf4 bxc4 26. bxc4 a5 27. h4 Bc8 28. h5 Qg4 29. hxg6 hxg6 30. Qd2 Bf5 31. f3 Qh5 32. g4 Bxg4 33. fxg4 Qxg4 34. Qg5 Qd1+ 35. Kh2 Qe2 36. Qd2 Qxc4 37. Qxa5 Qe2 38. Qd2 Qh5+ 39. Kg1 Qe5 40. Qc3 Qh5 41. Qf3 Qe5 42. Qc3 Qh5 43. Kf2 Qf5+ 44. Bf3 Qf4 45. Qd2 Qh2+ 46. Ke3 Qg1+ 47. Nf2 Qg5+ 48. Kd3 Qe5 49. Kc2 Nc7 50. a4 Qa1 51. a5 Nb5 52. Kd3 Qa3+ 53. Kc4 Nd4 54. Bd1 Qa1 55. Nd3 Qb1 56. Nb2 Qa2+ 57. Kd3 Qxd5 58. Kc3 Qa2 59. Kd3 Qd5 60. Kc3 Qa2 61. Kd3 1/2-1/2

[Event "St Petersburg March op"]
[Site "St Petersburg"]
[Date "2008.03.25"]
[Round "4"]
[White "Kosov, Igor"]
[Black "Prelovskij, Rudolf"]
[Result "0-1"]
[WhiteElo "1724"]
[BlackElo "2154"]
[PlyCount "62"]
[EventDate "2008.03.22"]
[EventType "swiss"]
[EventRounds "9"]
[EventCountry "RUS"]
[SourceTitle "EXT 2010"]
[Source "ChessBase"]
[SourceDate "2010.11.25"]
[SourceVersion "1"]
[SourceVersionDate "2010.11.25"]
[SourceQuality "1"]

1. d4 d6 2. e4 Nf6 3. Nc3 Nbd7 4. Nf3 e5 5. dxe5 dxe5 6. a3 Be7 7. Bc4 0-0 8. 0-0 c6 9. Bg5 Qc7 10. b4 b5 11. Bb3 a5 12. bxa5 Rxa5 13. a4 b4 14. Ne2 Ba6 15. Re1 c5 16. c3 c4 17. cxb4 Bxb4 18. Rc1 Bxe1 19. Qxe1 Rc5 20. Ba2 h6 21. Bd2 c3 22. Rxc3 Nxe4 23. Rxc5 Nexc5 24. Nc3 Nd3 25. Qe3 Qc5 26. Qxc5 N7xc5 27. Be3 Rc8 28. Nb5 Bxb5 29. axb5 Ra8 30. Bb1 Ra1 31. Nd2 Nb3 0-1

[Event "St Petersburg Zak Memorial"]
[Site "St Petersburg"]
[Date "2007.04.01"]
[Round "9"]
[White "Svidinsky, Dmitry"]
[Black "Kosov, Igor"]
[Result "1-0"]
[WhiteElo "2016"]
[BlackElo "1745"]
[PlyCount "97"]
[EventDate "2007.03.24"]
[EventType "team"]
[EventRounds "9"]
[EventCountry "RUS"]
[SourceTitle "CBM 117 Extra"]
[Source "ChessBase"]
[SourceDate "2007.05.09"]
[SourceVersion "1"]
[SourceVersionDate "2007.05.09"]
[SourceQuality "1"]

1. e4 c5 2. Nf3 Nc6 3. d4 cxd4 4. Nxd4 Nf6 5. Nc3 e5 6. Ndb5 d6 7. Bg5 a6 8. Na3 b5 9. Nd5 Be7 10. Bxf6 Bxf6 11. c3 0-0 12. Nc2 Ne7 13. Nxf6+ gxf6 14. Bd3 f5 15. Qh5 Kh8 16. exf5 Nd5 17. Ne3 Nf4 18. Qd1 Rg8 19. Be4 Ra7 20. h4 d5 21. Bf3 d4 22. g3 dxe3 23. Qxd8 Rxd8 24. gxf4 exf2+ 25. Kxf2 exf4 26. Rad1 Rad7 27. Rxd7 Rxd7 28. Rd1 Rxd1 29. Bxd1 Bxf5 30. Kf3 Kg7 31. b4 Kf6 32. Kxf4 Be6 33. a3 Bd5 34. Bg4 Bb7 35. Bf5 h6 36. Bg4 Ke7 37. Ke5 f6+ 38. Kd4 Kd6 39. Bf5 Kc6 40. Be4+ Kc7 41. Bxb7 Kxb7 42. Ke4 Kc6 43. Kf5 Kd5 44. Kxf6 Kd6 45. Kg6 Ke6 46. Kxh6 Kf6 47. h5 Kf7 48. Kg5 Kg7 49. Kf5 1-0

[Event "St Petersburg Zak Memorial"]
[Site "St Petersburg"]
[Date "2007.03.28"]
[Round "5"]
[White "Kosov, Igor"]
[Black "Yusupova, Lilia"]
[Result "1/2-1/2"]
[WhiteElo "1745"]
[BlackElo "1751"]
[PlyCount "66"]
[EventDate "2007.03.24"]
[EventType "team"]
[EventRounds "9"]
[EventCountry "RUS"]
[SourceTitle "CBM 117 Extra"]
[Source "ChessBase"]
[SourceDate "2007.05.09"]
[SourceVersion "1"]
[SourceVersionDate "2007.05.09"]
[SourceQuality "1"]

1. d4 Nf6 2. c4 e6 3. Nc3 d5 4. Bg5 Bb4 5. Qc2 0-0 6. Nf3 h6 7. Bh4 Nbd7 8. a3 Be7 9. cxd5 exd5 10. e3 c6 11. Bd3 Re8 12. 0-0 Nf8 13. b4 Bd6 14. Na4 g5 15. Bg3 Bxg3 16. hxg3 Ne4 17. b5 cxb5 18. Bxb5 Bd7 19. Qb3 Bxb5 20. Qxb5 Qd7 21. Qb3 Rac8 22. Rfc1 f6 23. Nc5 Nxc5 24. dxc5 Ne6 25. Qb4 Rc6 26. Rab1 Rb8 27. Nd4 Nxd4 28. exd4 b6 29. cxb6 Rbxb6 30. Qa5 Rxb1 31. Rxb1 Rc4 32. Qa6 Kg7 33. Kh2 Qf7 1/2-1/2

[Event "St Petersburg Zak Memorial"]
[Site "St Petersburg"]
[Date "2007.03.25"]
[Round "2"]
[White "Zakharov, Yuri Vasilievich"]
[Black "Kosov, Igor"]
[Result "1-0"]
[WhiteElo "2068"]
[BlackElo "1745"]
[PlyCount "81"]
[EventDate "2007.03.24"]
[EventType "team"]
[EventRounds "9"]
[EventCountry "RUS"]
[SourceTitle "CBM 117 Extra"]
[Source "ChessBase"]
[SourceDate "2007.05.09"]
[SourceVersion "1"]
[SourceVersionDate "2007.05.09"]
[SourceQuality "1"]

1. Nf3 d5 2. g3 Nc6 3. d4 g6 4. Bg2 Bg7 5. 0-0 Nf6 6. b3 0-0 7. Bb2 Bg4 8. Ne5 Nxe5 9. dxe5 Nd7 10. f4 e6 11. Nd2 h5 12. h3 Bf5 13. e4 Bxe4 14. Nxe4 dxe4 15. Ba3 Re8 16. Bxe4 c6 17. h4 Nb6 18. Qf3 Bf8 19. Bb2 Qc7 20. Rad1 Rad8 21. Bd4 Rd7 22. Bf2 Red8 23. Rde1 Bb4 24. c3 Bf8 25. g4 hxg4 26. Qxg4 Rd2 27. h5 Rxa2 28. hxg6 Bg7 29. gxf7+ Qxf7 30. Bg6 Qe7 31. Rd1 Rdd2 32. b4 Nd5 33. Rxd2 Rxd2 34. Bc5 Qd7 35. Qh4 Bf8 36. Bd4 Qe7 37. Qg4 Bg7 38. f5 exf5 39. Bxf5 Rxd4 40. Be6+ Kh7 41. Qh5+ 1-0

[Event "St Petersburg Autumn op"]
[Site "St Petersburg"]
[Date "2006.11.06"]
[Round "7"]
[White "Kosov, Igor"]
[Black "Kuznetsov, Andrey"]
[Result "0-1"]
[WhiteElo "1745"]
[BlackElo "2123"]
[PlyCount "114"]
[EventDate "2006.10.31"]
[EventType "swiss"]
[EventRounds "9"]
[EventCountry "RUS"]
[SourceTitle "EXT 2007"]
[Source "ChessBase"]
[SourceDate "2006.11.23"]
[SourceVersion "1"]
[SourceVersionDate "2006.11.23"]
[SourceQuality "1"]

1. d4 d5 2. c4 e5 3. e3 exd4 4. Qxd4 Nf6 5. cxd5 Qxd5 6. Qxd5 Nxd5 7. Nf3 Bf5 8. a3 Nd7 9. Bd2 0-0-0 10. Bc4 N7f6 11. Nc3 c6 12. 0-0 Bg6 13. Rfe1 Nb6 14. Ba2 Bd6 15. e4 Ng4 16. h3 Ne5 17. Nxe5 Bxe5 18. Be3 Bc7 19. f4 f6 20. e5 fxe5 21. fxe5 Rhe8 22. Bg5 Rd4 23. e6 h6 24. Be3 Rdd8 25. Rad1 Rxd1 26. Rxd1 Bf5 27. Bd4 Bxe6 28. Bxe6+ Rxe6 29. Bxg7 Nc4 30. Na4 b6 31. Rd4 Ne3 32. Rh4 Rg6 33. Bxh6 Rxg2+ 34. Kh1 Rh2+ 35. Kg1 Nf5 36. Rh5 Nxh6 37. Rxh6 Rc2 38. Nc3 Rxb2 39. Rxc6 Kb7 40. Rh6 Be5 41. Nd5 a5 42. h4 Bd4+ 43. Kf1 Rb3 44. a4 Ra3 45. Rh7+ Kc6 46. Ne7+ Kc5 47. Rh5+ Kc4 48. Nc6 Rxa4 49. Rg5 Ra1+ 50. Ke2 Bc5 51. h5 Rh1 52. Kd2 a4 53. Rg4+ Kb3 54. Rg3+ Kb2 55. Rg4 Rh2+ 56. Kd1 a3 57. Nb4 Bxb4 0-1

[Event "St Petersburg Autumn op"]
[Site "St Petersburg"]
[Date "2006.11.03"]
[Round "4"]
[White "Smirnov, Vladimir G"]
[Black "Kosov, Igor"]
[Result "1-0"]
[WhiteElo "1876"]
[BlackElo "1745"]
[PlyCount "135"]
[EventDate "2006.10.31"]
[EventType "swiss"]
[EventRounds "9"]
[EventCountry "RUS"]
[SourceTitle "EXT 2007"]
[Source "ChessBase"]
[SourceDate "2006.11.23"]
[SourceVersion "1"]
[SourceVersionDate "2006.11.23"]
[SourceQuality "1"]

1. d4 Nf6 2. c4 g6 3. Nc3 Bg7 4. e4 d6 5. f3 0-0 6. Be3 Nbd7 7. Nh3 e5 8. d5 a6 9. Qd2 Rb8 10. Nf2 Nc5 11. Be2 Nh5 12. g4 Nf4 13. Bxf4 exf4 14. Qxf4 Bd7 15. Nd3 Nxd3+ 16. Bxd3 b5 17. cxb5 axb5 18. 0-0 b4 19. Nd1 Qh4 20. Qg3 Qh6 21. f4 Bd4+ 22. Kg2 Qg7 23. Rc1 Rb7 24. Rc2 Ra8 25. Bc4 c5 26. Re1 Re8 27. Ree2 g5 28. h3 Qg6 29. Qf3 h6 30. Nf2 Bb5 31. Bxb5 Rxb5 32. b3 Rb7 33. fxg5 hxg5 34. Qf5 Qh6 35. Nh1 Rbe7 36. Ng3 Re5 37. Qf3 Bc3 38. Rc1 Qg6 39. Rf1 R5e7 40. Qf5 Qh6 41. Nh5 Be5 42. Nf6+ Bxf6 43. Qxf6 Qxf6 44. Rxf6 Rxe4 45. Rxe4 Rxe4 46. Kf3 Rd4 47. Rxd6 Rd2 48. Rc6 Rxd5 49. Ke4 Rd2 50. Rxc5 Rxa2 51. Rxg5+ Kf8 52. Rb5 Rh2 53. Rxb4 Rxh3 54. Rb7 Kg7 55. Kf5 Rf3+ 56. Kg5 Rd3 57. Rb5 Rd6 58. b4 Rg6+ 59. Kf4 Rf6+ 60. Rf5 Rb6 61. b5 Kg6 62. Rc5 Kg7 63. Ke4 Rg6 64. g5 Rb6 65. Kd4 Kf8 66. Rf5 Ke8 67. Kc5 Re6 68. Rd5 1-0

[Event "St Petersburg White Nights op"]
[Site "St Petersburg"]
[Date "2006.06.24"]
[Round "2"]
[White "Sorokina, Anastasia1111"]
[Black "Kosov, Igor"]
[Result "0-1"]
[WhiteElo "2062"]
[BlackElo "1684"]
[PlyCount "72"]
[EventDate "2006.06.23"]
[EventType "swiss"]
[EventRounds "9"]
[EventCountry "RUS"]
[SourceTitle "CBM 112 Extra"]
[Source "ChessBase"]
[SourceDate "2006.07.14"]
[SourceVersion "1"]
[SourceVersionDate "2006.07.14"]
[SourceQuality "1"]

1. d4 Nf6 2. c4 g6 3. Nc3 Bg7 4. e4 d6 5. f3 0-0 6. Bg5 Nc6 7. d5 Ne5 8. Qd2 c6 9. Be2 Rb8 10. a4 Qa5 11. g4 a6 12. Bh6 b5 13. h4 bxc4 14. Bxg7 Kxg7 15. h5 Nd3+ 16. Bxd3 cxd5 17. Nh3 cxd3 18. exd5 Nxd5 19. hxg6 Nxc3 20. Ng5 Qe5+ 21. Ne4 fxg6 22. Qh6+ Kf7 23. Qxh7+ Ke8 24. Qxg6+ Kd7 25. bxc3 Rxf3 26. 0-0-0 Rf4 27. Rh5 Qxe4 28. Qxe4 Rxe4 29. Rxd3 Rxg4 30. a5 Rg2 31. Re3 e5 32. Rd3 Rb5 33. Rh7+ Kc6 34. Rh6 Rd5 35. Re3 Rxa5 36. Kb1 Bf5+ 0-1

[Event "Znojmo op"]
[Site "Znojmo"]
[Date "2006.05.17"]
[Round "5.17"]
[White "Kopecky, Jiri"]
[Black "Kosov, Igor"]
[Result "1-0"]
[WhiteElo "2006"]
[BlackElo "1684"]
[PlyCount "81"]
[EventDate "2006.05.14"]
[EventType "swiss"]
[EventRounds "9"]
[EventCountry "CZE"]
[SourceTitle "CBM 112 Extra"]
[Source "ChessBase"]
[SourceDate "2006.07.14"]
[SourceVersion "1"]
[SourceVersionDate "2006.07.14"]
[SourceQuality "1"]

1. e4 c5 2. c3 e5 3. Nf3 Nc6 4. Bc4 h6 5. d4 cxd4 6. cxd4 Bb4+ 7. Nc3 exd4 8. Nxd4 Nf6 9. Nxc6 Bxc3+ 10. bxc3 dxc6 11. Qb3 Qe7 12. 0-0 0-0 13. Ba3 c5 14. f3 b6 15. Rad1 Re8 16. Rd3 Be6 17. Bxe6 Qxe6 18. Qxe6 Rxe6 19. c4 Kf8 20. Rfd1 Ree8 21. Bb2 Ke7 22. e5 Nh5 23. Rd7+ Kf8 24. g3 Re7 25. f4 Rxd7 26. Rxd7 Ke8 27. Rd5 g6 28. Kf2 Ng7 29. g4 Ne6 30. Ke3 Rc8 31. f5 gxf5 32. gxf5 Ng7 33. Kf4 a6 34. Rd6 b5 35. Rxh6 Kd7 36. e6+ fxe6 37. Bxg7 exf5 38. Rxa6 bxc4 39. h4 Rg8 40. h5 c3 41. Bxc3 1-0